| 000 | 00585nas a2200181 i 4500 | ||
|---|---|---|---|
| 001 | 173490 | ||
| 003 | ES-MaACL | ||
| 005 | 20251001180111.0 | ||
| 008 | 091203d18761929fr | | ||re d | ||
| 245 | 0 | 0 |
_aCatalogue mensuel de la librairie française / _cpublié par O. Lorenz. |
| 260 |
_aParis : _b[s.n.], _c1876-1929 ( _fP. Schmidt) |
||
| 300 |
_a15 v. ; _c21 cm. |
||
| 650 | 4 |
_aLibros franceses- _vBibliografías. _9157238 |
|
| 700 | 1 |
_aLorenz, Otto, _d1831-1895 _9129071 |
|
| 852 |
_aES-MaACL _jG-10962-76 _xOlim: D-1682-91 |
||
| 866 | 0 | _o1877-1891. | |
| 999 |
_c173490 _d173490 |
||